000
00221 a2200097 4500
001
13486
100
_a
Worcester R
245
_a
Roots of British air policy
260
_a
London
_b
Hodder Stoughton
_c
090
_c
10491
_d
10491
942
_a
NUST-CAE
_c
M
_c
549
999
_c
248559
_d
248559